| 000 | 00487nam a2200157Ia 4500 | ||
|---|---|---|---|
| 999 |
_c8620 _d8620 |
||
| 020 | _a9780199385324 | ||
| 082 | _a338.0640951 ROC-; | ||
| 100 | _aRock, Michael T. | ||
| 245 | 0 | _aChina's technological catch-up strategy: industrial development, energy efficiency and CO2 emissions | |
| 260 |
_aOxford _bOxford University Press _c2015 |
||
| 300 | _axvi, 274p | ||
| 650 | _aINDUSTRIAL POLICY - CHINA | ||
| 650 | _aTECHNOLOGY AND STATE - CHINA | ||
| 700 | _aToman, Michael A. | ||
| 942 | _cBK | ||